Οι νευρώσεις και η ερμηνεία τους : 37 ατομικές περιπτώσεις

Αποθηκεύτηκε σε:
Λεπτομέρειες βιβλιογραφικής εγγραφής
Κύριος συγγραφέας: Adler, Alfred, 1870-1937
Άλλοι συγγραφείς: Γράψας, Ευάγγελος (Μεταφραστής)
Μορφή: Βιβλίο
Γλώσσα:Greek
English
Δημοσίευση: Αθήνα : Μπουκουμάνη, 1974.
Σειρά:Εφαρμοσμένη ψυχολογία (Μπουκουμάνης) ; 9
Θέματα:
Ετικέτες: Προσθήκη ετικέτας
Δεν υπάρχουν, Καταχωρήστε ετικέτα πρώτοι!

MARC

LEADER 00000cam a2200000 a 4500
001 1/124402
008 220221s1974####gr | ||| |||| ||gre||
040 |a GR-MyUa  |b gre  |c GR-MyUa  |e AACR2 
041 1 |a gre  |h eng 
082 7 |a 616.85   |2 (23)  
100 1 |a Adler, Alfred,   |d 1870-1937. 
245 1 3 |a Οι νευρώσεις και η ερμηνεία τους :   |b 37 ατομικές περιπτώσεις /   |c Άλφρεντ Αντλέρ ; μετάφραση: Ευάγγελος Γράψας.  
246 1 |i Άλλοι τίτλοι:   |a Problems of neurosis  
260 |a Αθήνα :   |b Μπουκουμάνη,   |c 1974.  
300 |a 192 σ. ;   |c 21 εκ.  
490 1 |a (Εφαρμοσμένη ψυχολογία / Μπουκουμάνης ;   |v 9)  
500 |a Τίτλος πρωτοτύπου: Problems of neurosis.  
650 0 |a Neuroses. 
650 0 |a Psychoanalysis. 
700 1 |a Γράψας, Ευάγγελος,  |e trl 
830 0 |a Εφαρμοσμένη ψυχολογία (Μπουκουμάνης)  |v ; 9 
970 |a Σιδερή   |b Νεκταρία   |z 2022/02/21